LEADER 01066cam0-2200325 --450 001 9910428060103321 005 20220207121713.0 010 $a978-88-430-7765-6 020 $aIT$b2016-1966 100 $a20210111d2015----km y0itay50 ba 101 0 $aita 102 $aIT 105 $ay 001yy 200 1 $aPolitica di coesione e questione urbana$eprogrammi e strumenti di finanziamento per lo sviluppo delle cittą$fWalter Tortorella 210 $aRoma$cCarocci$d2015 215 $a152 p.$d21 cm 225 1 $aIFEL fondazione ANCI$v3 225 1 $aBiblioteca di testi e studi$v1005 610 0 $aCittą$aSviluppo economico [e] Sviluppo sociale$aFinanziamenti comunitari$aItalia 676 $a338.945$v23$zita 700 1$aTortorella,$bWalter$0503063 801 0$aIT$bUNINA$gREICAT$2UNIMARC 901 $aBK 912 $a9910428060103321 952 $aCollez.1587 (1005)$b2261/2020$fFSPBC 952 $aXIII B 82$b769 cos$fDDCIC 959 $aDDCIC 959 $aFSPBC 996 $aPolitica di coesione e questione urbana$91764059 997 $aUNINA